L'alphabet de la discographie de Enhypen - Statistiques

Statistiques générales
  • Ce quiz a été pris 253 fois
    238 depuis la dernière actualisation
  • Le résultat moyen est 49 sur 72
Statistiques - réponses
Chansons % Correct
Bite Me
96%
XO (Only If You Say Yes)
89%
Bad Desire (With Or Without You)
88%
Drunk-Dazed
88%
Sweet Venom
86%
Fever
84%
Given-Taken
84%
Blessed-Cursed
83%
Outside
83%
No Doubt
81%
Criminal Love
80%
Helium
80%
Daydream
79%
Future Perfect (Pass The Mic)
79%
Chaconne
78%
Brought The Heat Back
77%
Moonstruck
77%
Fatal Trouble
76%
Let Me In (20 cube)
76%
Tamed-Dashed
74%
Loose
73%
Polaroid Love
73%
Go Big Or Go Home
72%
Highway 1009
72%
Sacrifice (Eat Me Up)
72%
Your Eyes Only
72%
Attention, please !
71%
Paranormal
71%
10 months
70%
Bills
70%
Royalty
70%
Shout Out
70%
Fate
69%
Hey Tayo
69%
Upper Side Dreamin'
69%
Always
68%
Karma
68%
ParadoXXX Invasion
68%
Too Close
68%
Blind
67%
Blockbuster (feat Yeonjun)
67%
Not For Sale
67%
Orange Flower (You Complete Me)
67%
Lucifer
66%
Flicker
65%
Flashover
64%
Just A Little Bit
64%
One In A Billion
64%
Teeth
64%
Hundred Broken Hearts
63%
Billie Poco
61%
TFW (That Feeling When)
61%
Mixed Up
60%
Scream
60%
Still Monster
60%
Mortal
59%
Home
58%
Walk The Line
58%
Blossom
57%
Intro : The Invitation
56%
Intro : Walk The Line
56%
Intro : Whiteout
56%
Foreshadow
55%
I Need The Light
54%
One And Only
54%
Forget Me Not
53%
Make The Change
51%
Outro : Cross The Line
51%
Outro : Day 2
51%
Outro : The Wormhole
51%
Interlude : Question
42%
Keep Swimmin' Through
30%
Aucun quiz correspondant
Distribution des résultats
% des personnes avec chaque résultat
Percentile par nombre de réponses
Votre historique - résultats
Vous n’avez pas pris ce quiz depuis la dernière actualisation